| 000 | 00481nam a22001937a 4500 | ||
|---|---|---|---|
| 003 | MPLRDC | ||
| 005 | 20220104161957.0 | ||
| 008 | 210129b ||||| |||| 00| 0 eng d | ||
| 020 | _a986-417-481-9 | ||
| 082 | _a563 QXB | ||
| 100 | _a邱显比 | ||
| 245 |
_a退休理财的六堂课 _c |
||
| 250 | _a第一版 | ||
| 260 |
_a台湾 _b天下远见出版股份有限公司 _c2005 |
||
| 300 | _b平 | ||
| 490 | _a财经企管. CB312 | ||
| 650 | _a理财 | ||
| 942 |
_cBK _o563 QXB |
||
| 999 |
_c55745 _d55735 |
||